A narrow decision (Record no. 76678)
[ view plain ]
| 000 -LEADER | |
|---|---|
| fixed length control field | 01366cab a2200253 4500 |
| 001 - CONTROL NUMBER | |
| control field | ## |
| 008 - FIXED-LENGTH DATA ELEMENTS--GENERAL INFORMATION | |
| fixed length control field | 060320n2006 000 0 eng u |
| 035 ## - SYSTEM CONTROL NUMBER | |
| System control number | (Sirsi) u132899 |
| 100 1# - MAIN ENTRY--PERSONAL NAME | |
| Personal name | Thomas, Nigel |
| 245 02 - TITLE STATEMENT | |
| Title | A narrow decision |
| 260 ## - PUBLICATION, DISTRIBUTION, ETC. | |
| Date of publication, distribution, etc. | 2006 |
| 490 #0 - SERIES STATEMENT | |
| Series statement | Estates Gazette |
| Volume/sequential designation | (0610) 11 March 2006, 150-151(2) |
| 520 ## - SUMMARY, ETC. | |
| Summary, etc. | Asks whether the "Pye v United Kingdom" ruling (L131742) which concerned the limited area of land registration has more far-reaching implications? Has it finished off the doctrine of adverse possession at least in respect of registered land? Concludes that the ruling is unlikely to open the floodgates of adverse possession cases but Convention rights are likely to play a continuing role in property law, especially where a person's enjoyment of possessions is disturbed by state intervention . |
| 590 ## - LOCAL NOTE (RLIN) | |
| Local note | IKA280306 |
| 650 24 - SUBJECT ADDED ENTRY--TOPICAL TERM | |
| Topical term or geographic name entry element | R V SOS ENVIRONMENT,TRANSPORT AND THE REGIONS EX P ALCONBURY DEVELOPERS LTD |
| 650 24 - SUBJECT ADDED ENTRY--TOPICAL TERM | |
| Topical term or geographic name entry element | J A PYE (OXFORD) LTD V GRAHAM |
| 650 24 - SUBJECT ADDED ENTRY--TOPICAL TERM | |
| Topical term or geographic name entry element | PYE (OXFORD) LTD & ANOR V UNITED KINGDOM |
| 650 24 - SUBJECT ADDED ENTRY--TOPICAL TERM | |
| Topical term or geographic name entry element | WILSON V FIRST COUNTY TRUST LTD (NO. 2) |
| 650 24 - SUBJECT ADDED ENTRY--TOPICAL TERM | |
| Topical term or geographic name entry element | R V OXFORDSHIRE CC AND ANOTHER EX P SUNNINGWELL PARISH COUNCIL |
| 650 24 - SUBJECT ADDED ENTRY--TOPICAL TERM | |
| Topical term or geographic name entry element | OXFORDSHIRE CC V OXFORD CITY COUNCIL AND ANOTHER |
| 650 24 - SUBJECT ADDED ENTRY--TOPICAL TERM | |
| Topical term or geographic name entry element | BEAULANE PROPERTIES LTD V PALMER |
| 690 ## - LOCAL SUBJECT ADDED ENTRY--TOPICAL TERM (OCLC, RLIN) | |
| Topical term or geographic name as entry element | PROPERTY-PROPERTY ACQUISITION AND DISPOSAL |
| 942 ## - ADDED ENTRY ELEMENTS (KOHA) | |
| Suppress in OPAC | 0 |
| Withdrawn status | Lost status | Source of classification or shelving scheme | Damaged status | Not for loan | Home library | Current library | Shelving location | Date acquired | Total Checkouts | Full call number | Barcode | Date last seen | Copy number | Price effective from | Koha item type |
|---|---|---|---|---|---|---|---|---|---|---|---|---|---|---|---|
| Dewey Decimal Classification | London | London | Journal article | 20/03/2006 | L132899 | 132899-1001 | 06/08/2019 | 1 | 06/08/2019 | Journal article |